000 00280nam a22001097a 4500
082 _222
_a005.73
100 _aGanesar P Radha.
245 _a C and Data Structures /
260 _aScitech publication,
_bScitech publication,
_cc2003
300 _a439,;
_b ill,;
_c24 cm.
942 _2ddc
_cEE
999 _c445
_d445